000 00545nam a2200181Ia 4500
999 _c3429
_d3429
008 250416t2025 xx |||||||||||||| ||und||
020 _a9780143473152
_cRs. 250.00
040 _aKO
082 0 4 _a920.008
_bV559
_223
100 1 _aVenkatesh, Karthik
245 1 4 _a10 makers of the Indian constitution /
_cKarthik Venkatesh
260 _aHaryana :
_bPenguin random house,
_c2025
300 _a125 p.
_b :
_c; 20 cm.
650 0 _aPoliticians
_vBiography
650 0 _aConstitution
_xLaw and legislation
_zIndia
942 _cBK
_2ddc